Por qué Grecia?
Gardado en:
| Autor Principal: | |
|---|---|
| Formato: | Libro |
| Idioma: | Lingua castelá |
| Publicado: |
Madrid
Debate
1997
|
| Series: | Temas de Debate
|
| Subjects: | |
| Tags: |
Engadir etiqueta
Sen Etiquetas, Sexa o primeiro en etiquetar este rexistro!
|
MARC
| LEADER | 00000nam a2200000 a 4500 | ||
|---|---|---|---|
| 001 | UCN2589 | ||
| 003 | CL-VaPUC | ||
| 008 | 010530e19970000SP |||||||||||||||||spa|d | ||
| 020 | |a 8483060493 | ||
| 082 | 0 | 4 | |a 938 |b ROM |2 21 |
| 100 | 0 | |a Romilly, Jacqueline de |e author |9 458597 | |
| 245 | 1 | 0 | |a Por qué Grecia? |
| 300 | |a 263 p | ||
| 942 | |c BK | ||
| 945 | |d 20010530 00:00:00 |a cmena | ||
| 260 | |a Madrid |b Debate |c 1997 | ||
| 650 | 7 | |a HISTORIA GRIEGA |2 CL-VaPUC |9 314116 | |
| 650 | 0 | |a Filosofía griega |9 265579 | |
| 650 | 7 | |a FILOSOFIA POLITICA |2 CL-VaPUC |9 458598 | |
| 650 | 0 | |a Mitología griega |9 265313 | |
| 583 | |a last modification |c 20010530 00:00:00 |k Rodrigo Vera | ||
| 490 | 0 | |a Temas de Debate | |
| 999 | |c 295645 |d 295643 | ||
| 952 | |0 0 |1 0 |4 0 |6 938_000000000000000_ROM_1997 |7 0 |8 R |9 348933 |a BIBHIS |b BIBHIS |d 2019-11-20 |i 3664457 |o 938 ROM 1997 |p 3664457 |r 2024-01-30 |w 2019-11-20 |y BK_R |k HIS | ||